| 000 | 00533nam a2200157Ia 4500 | ||
|---|---|---|---|
| 008 | 260520s2016 xx 000 0 und d | ||
| 041 | _amar | ||
| 082 | _a923.6/TIL/UJA | ||
| 100 | _aउजगरे, अनुपमा | ||
| 245 | _aलक्ष्मीबाई टिळक | ||
| 250 | _a1st ed | ||
| 260 |
_aमुंबई _bमहाराष्ट्र राज्य साहित्य आणि संस्कृती मंडळ _c2016 |
||
| 300 | _a197p. | ||
| 500 | _aCat No: 15205 | ||
| 650 | _aBIOGRAPHIES | ||
| 999 |
_c1221929 _d1221929 |
||